00591nam a2200193Ia 4500008004100000020001400041082001500055100001500070245003500085250000700120260003400127300003000161500000700191600002100198650005000219942000700269952010600276999001500382240925s9999 xx 000 0 und d a201593890 a005.11 GRA aGrahm, Ian 0aMigrating to Object Technology aNA aNew York:bFree Pressc,1995. axxiii,552p.bNAfOriginal aNA aComputer Science aComputer science, information & general works cBK 011040708CSaUITUbUITUd2000-04-02eNAl0o005.11 GRApQ3270r2024-09-25 07:13:05w2024-09-25yBK c5769d5769